000 01071nam a22002657a 4500
005 20250904115512.0
010 _aB-770118-131 BACEN25 ENG-146728
020 _a9788126940752
_c995.00
035 _aB-770118-131
035 _aEN-130260
037 _bAtlantic publishers
037 _bDBAD
_aDPL
082 0 0 _a658.406
_221
100 _aRamnarayan.S
_984733
245 0 0 _aOrganization development :
_bacclerating learning and transformation /
_cby S. Ramnarayan [and] T.V. Rao
250 _a3rd edi
260 _aNew Delhi
_bAtlantic publishers
_c2024
270 _a7/22, Ansari road,Daryaganj
_bNew Delhi
_e110002
300 _axix,488p.
_c27cm(pbk)
500 _aIncludes bibliographical references and index.
650 0 _aOrganizational change.
_984734
700 2 _aVenkateswara Rao, T.
_937362
942 _2ddc
_cEN
_h658.406
_mRAM
999 _c209470
_d209470